<?xml version="1.0" encoding="UTF-8"?>
<record
    xmlns:xsi="http://www.w3.org/2001/XMLSchema-instance"
    xsi:schemaLocation="http://www.loc.gov/MARC21/slim http://www.loc.gov/standards/marcxml/schema/MARC21slim.xsd"
    xmlns="http://www.loc.gov/MARC21/slim">

  <leader>02378nam a22003617a 4500</leader>
  <controlfield tag="003">BI-BuBU</controlfield>
  <controlfield tag="008">150709t2015    bd ||||dr|||| 000 0 fre d</controlfield>
  <datafield tag="037" ind1=" " ind2=" ">
    <subfield code="b">Don de l' auteur</subfield>
  </datafield>
  <datafield tag="039" ind1=" " ind2=" ">
    <subfield code="a">2015070903293.0</subfield>
    <subfield code="b">Marie Goretti Ndayizeye</subfield>
  </datafield>
  <datafield tag="040" ind1=" " ind2=" ">
    <subfield code="a">BI-BuBU</subfield>
    <subfield code="b">fre</subfield>
    <subfield code="c">BI-BuBU</subfield>
    <subfield code="d">BI-BuBU</subfield>
  </datafield>
  <datafield tag="041" ind1="0" ind2=" ">
    <subfield code="a">fre</subfield>
  </datafield>
  <datafield tag="080" ind1=" " ind2=" ">
    <subfield code="a">665.353.</subfield>
  </datafield>
  <datafield tag="100" ind1="1" ind2=" ">
    <subfield code="4">aut.</subfield>
    <subfield code="a">Kazohoye, J&#xE9;r&#xF4;me Jotham</subfield>
    <subfield code="9">113195</subfield>
  </datafield>
  <datafield tag="245" ind1="1" ind2="0">
    <subfield code="a">Contribution &#xE0; l' &#xE9;tude de la d&#xE9;gradation de l' huile de palme artisanale suite &#xE0; des utilisations r&#xE9;p&#xE9;titives</subfield>
    <subfield code="c">J&#xE9;r&#xF4;me Jotham ; Claire Nineza, directeur</subfield>
  </datafield>
  <datafield tag="260" ind1=" " ind2=" ">
    <subfield code="a">Bujumbura</subfield>
    <subfield code="b">Universit&#xE9; du Burundi, Institut de P&#xE9;dagogie Appliqu&#xE9;e</subfield>
    <subfield code="c">2015</subfield>
  </datafield>
  <datafield tag="300" ind1=" " ind2=" ">
    <subfield code="a">X-47 f.</subfield>
    <subfield code="c">30 cm.</subfield>
  </datafield>
  <datafield tag="500" ind1=" " ind2=" ">
    <subfield code="a">M&#xE9;moire pr&#xE9;sent&#xE9; et d&#xE9;fendu publiquement en vue de l' obtention du grade de Licenci&#xE9; en P&#xE9;dagogie Appliqu&#xE9;e, agr&#xE9;g&#xE9; de l' Enseignement Secondaire en Chimie</subfield>
  </datafield>
  <datafield tag="520" ind1=" " ind2=" ">
    <subfield code="a">RESUME

Le but de notre travail &#xE9;tait de suivre l'&#xE9;volution de quelques caract&#xE9;ristiques physiques et chimiques de l'huile de palme artisanale utilis&#xE9;e de fa&#xE7;on r&#xE9;p&#xE9;titive.  Les r&#xE9;sultats obtenus stipulent que la densit&#xE9; diminue au d&#xE9;but et augmente ensuite &#xE0; cause de l'augmentation des impuret&#xE9;s.  La teneur en eau augmente avec le temps ce qui fait varier l'indice d'acidit&#xE9; par hydrolyse des acides gras.  L'indice de perosyde augmente avec le temps ce qui montre que la d&#xE9;gradation s'accentue.  Quant &#xE0; l'indice d'iode, il diminue &#xE0; cause de la diminution de la teneur en acides gras insatur&#xE9;s.  L'indice de saponification et l'indice d'ester augmentent car le ph&#xE9;nom&#xE8;ne d'hydrolyse provoque l'apparition des acides gras libres.

D'apr&#xE8;s les r&#xE9;sultats obtenus, il serait bon d'utiliser l'huile de palme artisanale une seule fois car sa d&#xE9;gradation provoque une perte incontournable de ses qualit&#xE9;s organoleptiques et nutritionnelles, ce qui pourrait entra&#xEE;ner de graves probl&#xE8;mes de sant&#xE9;.
</subfield>
  </datafield>
  <datafield tag="600" ind1=" " ind2=" ">
    <subfield code="2">BI-BuBU</subfield>
  </datafield>
  <datafield tag="610" ind1=" " ind2=" ">
    <subfield code="2">BI-BuBU</subfield>
  </datafield>
  <datafield tag="611" ind1=" " ind2=" ">
    <subfield code="2">BI-BuBU</subfield>
  </datafield>
  <datafield tag="648" ind1=" " ind2=" ">
    <subfield code="2">BI-BuBU</subfield>
  </datafield>
  <datafield tag="650" ind1=" " ind2="7">
    <subfield code="2">BI-BuBU</subfield>
    <subfield code="a">Huile de palme artisanale</subfield>
    <subfield code="x">D&#xE9;gradation</subfield>
    <subfield code="9">113196</subfield>
  </datafield>
  <datafield tag="651" ind1=" " ind2=" ">
    <subfield code="2">BI-BuBU</subfield>
  </datafield>
  <datafield tag="654" ind1=" " ind2=" ">
    <subfield code="2">BI-BuBU</subfield>
  </datafield>
  <datafield tag="655" ind1=" " ind2="7">
    <subfield code="2">BI-BuBU</subfield>
    <subfield code="a">M&#xE9;moire</subfield>
    <subfield code="9">113197</subfield>
  </datafield>
  <datafield tag="662" ind1=" " ind2=" ">
    <subfield code="2">BI-BuBU</subfield>
  </datafield>
  <datafield tag="690" ind1=" " ind2=" ">
    <subfield code="2">BI-BuBU</subfield>
  </datafield>
  <datafield tag="700" ind1="1" ind2=" ">
    <subfield code="4">dir.</subfield>
    <subfield code="a">Nineza, Claire</subfield>
    <subfield code="9">113198</subfield>
  </datafield>
  <datafield tag="710" ind1=" " ind2=" ">
    <subfield code="a">Universit&#xE9; du Burundi</subfield>
    <subfield code="b">Institut de p&#xE9;dagogie Appliqu&#xE9;e</subfield>
    <subfield code="9">113199</subfield>
  </datafield>
  <datafield tag="942" ind1=" " ind2=" ">
    <subfield code="2">udc</subfield>
    <subfield code="c">MEM</subfield>
  </datafield>
  <datafield tag="999" ind1=" " ind2=" ">
    <subfield code="c">31556</subfield>
    <subfield code="d">31556</subfield>
  </datafield>
  <datafield tag="952" ind1=" " ind2=" ">
    <subfield code="0">0</subfield>
    <subfield code="1">0</subfield>
    <subfield code="2">udc</subfield>
    <subfield code="4">0</subfield>
    <subfield code="7">1</subfield>
    <subfield code="9">45872</subfield>
    <subfield code="a">BC</subfield>
    <subfield code="b">BC</subfield>
    <subfield code="d">2015-07-09</subfield>
    <subfield code="e">Don de l' auteur</subfield>
    <subfield code="l">0</subfield>
    <subfield code="o">665.353. KAZ.C</subfield>
    <subfield code="p">5010000426842</subfield>
    <subfield code="r">2015-07-09</subfield>
    <subfield code="t">1</subfield>
    <subfield code="w">2015-07-09</subfield>
    <subfield code="y">MEM</subfield>
  </datafield>
</record>
